000 00523nam a22001817a 4500
003 CEME
005 20210628202223.0
008 210209b xxu||||| |||| 00| 0 eng d
020 _a0-471-68449-X
040 _c.
082 _a621.31042 CHI
100 _aChiasson John
_958820
245 _aModeling and high-performance control of electric machines
260 _aNEW JERSEY
_bJOHN WILEY
_c2005
300 _aXX,709P
650 _aELECTRIC MACHINERY -AUTOMATIC CONTROL -MATHEMATICAL MODELS.
_958821
942 _cBK
_2ddc
999 _c568928
_d568928